Statistics for Alex's General Knowledge Quiz

Click here to take the quiz!

General Stats

  • This quiz has been taken 37 times
  • The average score is 5 of 22

Answer Stats

Answer% Correct
What color was the Libyan flag?Green
88%
Who is the Master of Suspense?Alfred Hitchcock
52%
Who said "C is for cookie"?Cookie Monster
45%
Snap, Crackle and Pop are the mascots to which cereal?Rice Krispies
45%
In what year did Salt Lake City host the Olympics?2002
36%
What is the capital city of Iowa?Des Moines
36%
What is the stock market abbreiviation of the company 3M?MMM
36%
Who is credited with inventing peanut butter?George Washington Carver
27%
In what country was KISS legend Gene Simmons born in?Israel
27%
Which group recorded "Bye Bye Bye?N*SYNC
27%
Ben Affleck played which super hero in the 2003 film of the same name?Daredevil
24%
Who is known as the "Black Mamba"?Kobe Bryant
18%
Who won the Grammy for album of the year at the 2015 Grammys?Beck
15%
Who drove the famous #3 racecar in NASCAR?Dale Earnhardt
15%
What is the artist Manet's first name?Edouard
12%
What youtube commedian is famous for his "Worst Songs of 20xx" series?Adam Buckley
6%
Who was on the cover of NHL 2009?Dion Phaneuf
6%
Which car maker makes the "Taiga" model?Lada
6%
Vic Fuentes is the front man for which band?Pierce the Veil
6%
Frank West is main protagonist of what 2006 video game?Dead Rising
3%
Who wrote "The Stone Angel"?Margaret Laurence
3%
In what city do the "Stealth" NLL franchise play out of?Vancouver
3%

Score Distribution

Percentile by Number Answered

Percent of People with Each Score

Your Score History

You have not taken this quiz